01145nam a2200277 a 450000500170000000800410001702000150005804100080007309200170008110000240009824500920012225000650021426000320027930000160031150001400032765300110046765300330047865300240051165300120053565300350054765300130058270000240059594200120061999900150063195202210064620240528104835.0101001t1996||||sp a f |||| 001 0 spa d a8445805088 aspa c611l75sROU1 aRouviere, Henri974 aAnatomía Humana. Descriptiva, topográfica y funcional. bT.2 Tronco /cH. Rouviere. a9a ed.bVersión en español dirigida por E. Acosta Vidrio aBarcelona: bMasson;c1996. a687 p.bil. aRouviere, H. y Delmas, A. (1996). Anatomía Humana. Descriptiva, topográfica y funcional. T.2 Tronco. (9a ed.). Barcelona : Masson.  aTronco aCorazón y vasos del tronco aVisceras del tronco aAbdomen aRegión lumbar y pelvis menor aPeriné1 tDelmas, André975 2ddccBK c2148d2148 00102ddc4070aBFMbBFMcCRd2015-03-11eDonación Florencia Benatti, Marzo 2015l35m1o611 75 ROUp3465r2019-09-23s2019-09-19tEj. 7w2015-03-11yBKzDonación Florencia Benatti, marzo 2015. Hemeroteca 2022f